Türk demokrasi tarihinde vatan cephesi (Record no. 20920)

000 -LEADER
fixed length control field 01374nmm a2200373 a 4500
001 - CONTROL NUMBER
control field ocm0002347286
003 - CONTROL NUMBER IDENTIFIER
control field TR-IsHL
005 - DATE AND TIME OF LATEST TRANSACTION
control field 20201028184253.0
008 - FIXED-LENGTH DATA ELEMENTS--GENERAL INFORMATION
fixed length control field 190407s2013 tu tur
007 - PHYSICAL DESCRIPTION FIXED FIELD--GENERAL INFORMATION
fixed length control field cr cn
020 ## - INTERNATIONAL STANDARD BOOK NUMBER
International Standard Book Number 9786054627172
035 ## - SYSTEM CONTROL NUMBER
System control number 2347286
-- (N$T)
050 04 - LIBRARY OF CONGRESS CALL NUMBER
Classification number JQ1809.A8
Item number D64 2013
090 04 - LOCALLY ASSIGNED LC-TYPE CALL NUMBER (OCLC); LOCAL CALL NUMBER (RLIN)
Classification number (OCLC) (R) ; Classification number, CALL (RLIN) (NR) JQ1809.A8
Local cutter number (OCLC) ; Book number/undivided call number, CALL (RLIN) D64 2013
100 1# - MAIN ENTRY--PERSONAL NAME
Personal name Doğaner, Yasemin
245 10 - TITLE STATEMENT
Title Türk demokrasi tarihinde vatan cephesi
Medium [electronic resource] /
Statement of responsibility, etc. Yasemin Doğaner
260 ## - PUBLICATION, DISTRIBUTION, ETC.
Place of publication, distribution, etc. Ankara :
Name of publisher, distributor, etc. Siyasal Kitabevi,
Date of publication, distribution, etc. 2013
300 ## - PHYSICAL DESCRIPTION
Extent 392 p.
500 ## - GENERAL NOTE
General note Kaynakça: sayfa 345-354
650 #4 - SUBJECT ADDED ENTRY--TOPICAL TERM
Topical term or geographic name entry element Sosyoloji
650 #4 - SUBJECT ADDED ENTRY--TOPICAL TERM
Topical term or geographic name entry element Sociology
650 #0 - SUBJECT ADDED ENTRY--TOPICAL TERM
Topical term or geographic name entry element Menderes, Adnan,1899-1961
General subdivision Denemeler, dava, vb.
650 #0 - SUBJECT ADDED ENTRY--TOPICAL TERM
Topical term or geographic name entry element Menderes, Adnan, 1899-1961
General subdivision Trials, litigation, etc.
650 #0 - SUBJECT ADDED ENTRY--TOPICAL TERM
Topical term or geographic name entry element Bayar, Celal, 1883-1986
General subdivision Denemeler, dava, vb.
650 #0 - SUBJECT ADDED ENTRY--TOPICAL TERM
Topical term or geographic name entry element Bayar, Celal, 1883-1986
General subdivision Trials, litigation, etc.
650 #0 - SUBJECT ADDED ENTRY--TOPICAL TERM
Topical term or geographic name entry element Demokrat Parti (Türkiye)
650 #0 - SUBJECT ADDED ENTRY--TOPICAL TERM
Topical term or geographic name entry element Demokrat Parti (Turkey)
650 #0 - SUBJECT ADDED ENTRY--TOPICAL TERM
Topical term or geographic name entry element Vatan Cephesi (Türkiye)
650 #0 - SUBJECT ADDED ENTRY--TOPICAL TERM
Topical term or geographic name entry element Vatan Cephesi (Turkey)
650 #0 - SUBJECT ADDED ENTRY--TOPICAL TERM
Topical term or geographic name entry element Siyasi yolsuzluk
General subdivision Türkiye
-- 20. yüzyıl
650 #0 - SUBJECT ADDED ENTRY--TOPICAL TERM
Topical term or geographic name entry element Political corruption
General subdivision Turkey
-- 20th century
650 #7 - SUBJECT ADDED ENTRY--TOPICAL TERM
Topical term or geographic name entry element HISTORY / Middle East / Turkey & Ottoman Empire
Source of heading or term bisacsh
856 40 - ELECTRONIC LOCATION AND ACCESS
Uniform Resource Identifier <a href="http://search.ebscohost.com/login.aspx?direct=true&scope=site&db=e011xww&AN=2347286">http://search.ebscohost.com/login.aspx?direct=true&scope=site&db=e011xww&AN=2347286</a>
Holdings
Withdrawn status Lost status Source of classification or shelving scheme Damaged status Not for loan Collection code Permanent Location Current Location Date acquired Total Checkouts Full call number Barcode Date last seen Price effective from Koha item type
        Online   Kıbrıs Amerikan Üniversitesi Kütüphanesi / American University of Cyprus Kıbrıs Amerikan Üniversitesi Kütüphanesi / American University of Cyprus 28.10.2020   JQ1809.A8 D64 2013 2347286 28.10.2020 28.10.2020 E-Kitap
Devinim Yazılım Eğitim Danışmanlık tarafından Koha'nın orjinal sürümü uyarlanarak geliştirilip kurulmuştur.